01189nam a2200349 i 450000100060000000300080000600500170001400600190003100700150005000800410006502000270010603500220013304000310015505000210018608000120020708200150021910000310023424500680026526400430033330000410037633600310041733700330044833800430048149000320052450000220055658800830057865000280066165000270068965500270071683000330074385600630077681272FINmELB20241217151829.0m o d | cr cnu||||||||240324s2022 ag o 001 0 spa d a9789564072067q(print) a(OCoLC)1431002192 aFINmELBbspaerdacFINmELB 4aKLA500bJ26 2022 a347(47)04a346.472231 aJálfina, Raisa,eautora.13aEl derecho de propiedad personal en la URSS /cRaisa Jálfina. 1aArgentina :bEdiciones Olejnik,c2022. a1 recurso en línea (154 páginas) atextobtxt2rdacontent/spa acomputadorabc2rdamedia/spa arecurso en líneabcr2rdacarrier/spa1 aBiblioteca de Derecho Civil aIncluye índice. aDescripción basada en metadatos suministrados por el editor y otras fuentes. 4aDerecho civilzU.R.S.S. 4aDerecho realzU.R.S.S. 4aLibros electrónicos. 0aBiblioteca de Derecho Civil.40uhttps://elibro.net/ereader/politecnicointernacional/250890